MDQL
is popping MORE tags! Check the
thread
!
Quizzes
Events
Quiz Creation
Community
Videos
Private Events
Remove Ads
Sign In
Join for FREE
Feedback
Dark Mode
Quiz Categories
Sports
Geography
Music
Movies
Television
Just For Fun
Miscellaneous
History
Literature
Language
Science
Gaming
Entertainment
Religion
Holiday
For Kids
Quiz Lab
Recent
Popular Today
Quiz Kudos Today
Editor Picks
Curator Picks
Quizzes by...
Day
Popularity
Type
Ratings
Length
Year
Community
Subscriptions
Recent Discussions
Orange Saloon
Badges
Playlists
Quests
Create
Leaderboards
Showdown
Live 5
Trivia Bingo
Activity
Puzzle Library
Sporcle Events
Private Events
Virtual Trivia
Globe League
Become a Host
Pub Owners
SporcleCon
Opinionation
Our Games
Videos
Blog
Mobile Apps
Partnerships
Remove Ads and Go Orange
Feedback
Just For Fun
Clickable
Get the Picture
Humor
Quick Pick
Word Ladder
Missing Word
Mixed Word
Blitz
Minefield
This or That
Alphabet
Color
Typing
Sporcle
Puzzle
Word Play
Follow That Line
Logic
Just For Fun
Clickable
Get the Picture
Humor
Quick Pick
Word Ladder
Missing Word
Mixed Word
Blitz
Minefield
This or That
Alphabet
Color
Typing
Sporcle
Puzzle
Word Play
Follow That Line
Logic
Random Quiz
Search Sporcle
×
Quiz Lab
Quiz Lab
Just For Fun
Clickable
Select answers by clicking on text or image buttons
Select answers by clicking on text or image buttons
Clickable
Best Score? Go Orange.
Before and After Mashups Stats
Can you pick the Before and After Mashups
By
Cecispanda
10m
20 Questions
44 Plays
44 Plays
44 Plays
Comments
Comments
Give Quiz Kudos
Give Quiz Kudos
-
- Ratings
hide this ad
Forced Order
Answers have to be entered in order
Answers have to be entered in order
Random Order
Randomize order of answers
Randomize order of answers
Replay
Link that replays current quiz
Next Quiz
Link to next quiz in quiz playlist
You Got
0%
They Got
Avg Score
80%
Avg Friend Score
Upgrade to see
Score Distribution
Jump to the score distribution portion of the page
Score
0/20
Timer
10:00
0
Plays Today
% Correct
D. H. Lawrence of Arabia
95.5%
Words with Friends with Benefits
86.4%
The Small Wonder Years
84.1%
Animal House of Wax
84.1%
Romancing the Stone Phillips
84.1%
Danny DeVito Corleone
84.1%
Spaceballs of Fury
84.1%
Desperately Seeking Susan Lucci
81.8%
The Abominable Snowman of La Mancha
81.8%
Are you there God? It's Me, Margaret Thatcher
81.8%
% Correct
La Femme Nikita Khrushchev
79.5%
The Boys of Summer Sanders
79.5%
All my Children of the Corn
79.5%
Ulysses S. Grant Wood
79.5%
Sir Laurence Olivier Newton-John
79.5%
One Day at a Time to Kill
72.7%
Heart Shaped Box of Rain
72.7%
Calamity Jane Eyre
72.7%
How Green Was my Valley of the Dolls
70.5%
Death in the Afternoon of a Faun
68.2%
Quiz Playlist
Details
Report
Send in Message
Add To Playlist
Clickable:
Select answers by clicking on text or image buttons
Forced Order:
Answers have to be entered in order
Random Order:
Randomize order of answers
Last Updated: Feb 16, 2017
Quiz Scoreboard
CHALLENGE
Sign Up to Join the Scoreboard
Show All
Scores
Hide
Comments
May contain spoilers
Recently Published
Two Season TV Shows II
by 123Four
Television
10m
Image Sorting: Flags VI
by Barbecue
Geography
2m
Find the 'City' Movie
by crazypaving
Movies
60s
More to Explore
Quiz From the Vault
Featured Blog Post
14 Easter Pick-up Lines to Find Eggs With
hide this ad
You Might Also Like...
Tags
Clickable Quiz
before
smashup
Today's Top Quizzes in Just For Fun
Browse Just For Fun
hide this ad
Today's Top Quizzes in Clickable
Browse Clickable
Top Contributed Quizzes in Just For Fun
1
Name Just One - 10 to 1: Just For Fun
2
Missing Word: 2-Letter A-Z II
3
Avatar the Last Airbender: Logic Puzzle
4
Missing Letter Whitney Houston Songs
5
Missing Word: 'Of' Things A-Z
6
It's Magic / Witchcraft 🎩🪄🧙♀️
7
Survivor Winners Logic Puzzle
8
Eurovision 2024 Countries Logic Puzzle
9
Killer Double Trees 224 - Colour Match-Up
10
Click the Differences: Playground
Explore More
Trending Topics
Anime
Harry Potter
Disney
Crossword
Kpop
Marvel
NBA
WWE
Country
Song
Pokémon
NFL
Soccer
The Office
Puzzle
hide this ad
More By:
Cecispanda
Quiz
Plays
Rating
Category
Featured
Created
U.S. Highway Junctions
212
4.00
Geography
Feb 8, 2012
Sports Nickname by Real Name
170
4.43
Sports
Mar 23, 2012
Interstates in Capitals
67
3.33
Geography
Jan 19, 2012
People of Color?
64
4.75
Miscellaneous
May 13, 2013
Where Interstates Enter States
62
4.67
Geography
Mar 30, 2013
Go to Creator's Profile
Score Distribution
Quiz Creator Spotlight
Cecispanda
Follow
Send a Message
Quizzes Created
-
Created Quiz Play Count
-
More By This Creator
Popular Quizzes Today
1
Find the US States - No Outlines Minefield
2
Colored Red Africa Blitz
3
Find the 'City' Movie
4
5x2 Blitz: Bands
5
The Countries of the World
6
Find the Countries of Europe - No Outlines Minefield
7
Find the US States
8
US States
More Just For Fun Quizzes
Quick Pick: Scorsese & De Niro Films
Published
Trending Quizzes
Colored Red Europe Blitz I
Colored Red Africa Blitz II
Colored Red Europe Blitz II
Colored Red Africa Blitz III
Colored Red Europe Blitz III
Recently Updated
How Do You Spell That?
pecheneg
Godzilla Movies
pecheneg
Grab Bag: 4-10 Letters
pecheneg
2024 March Madness Bracket
pecheneg
Famous TV Couples
Peacemaker
Champions League XIs: Real Madrid
pecheneg
Largest US Cities 1790-2010
pecheneg
Rides in Walt Disney World
pecheneg
Most Oscar Losses (Acting)
pecheneg
Beyoncé Albums
pecheneg
Trending Topics
Disney
Crossword
Marvel
NBA
Kpop
Harry Potter
Anime
The Office
Country
Puzzle
NFL
Song
Pokémon
WWE
Soccer
Your Account Isn't Verified!
In order to create a playlist on Sporcle, you need to verify the email address you used during registration. Go to your
Sporcle Settings
to finish the process.
Report this User
Report this user for behavior that violates our
Community Guidelines
.
Details:
Send Report
Go to the Sporcle.com Mobile Site →
Comments